000 00579nam a22002297a 4500
003 UA-OsUOA
001 105827
007 ta
008 20140407b un ||||| |||| 00| 0 ukr d
100 _aФіліна О.
700 _aКригер В.
090 _a908
_bФ68
942 _cSA
040 _aUA-OsUOA
_bukr
_cUA-OsUOA
_dUA-OsUOA
245 _a"Корчагінець" може прийняти 200 переселенців
300 _aС.1
955 _a0
041 _aukr
080 _a908
773 0 _w105826
650 7 _a908 Краєзнавство
_2UDC
999 _c392174
_d392174